| 000 | 00824nam a22002177a 4500 | ||
|---|---|---|---|
| 999 |
_c12380 _d12380 |
||
| 003 | AR-CdUCM | ||
| 008 | 190408b ||||| |||| 00| 0 spa d | ||
| 040 |
_aMUNICIPALIDAD PROVINCIAL DEL CUSCO _cBIBLIOTECA MUNICIPAL DEL CUSCO |
||
| 082 |
_a590 / _bG26 / 1885 |
||
| 100 |
_aGarcía, Ramón _930212 |
||
| 245 | _aGalería de historia natural : | ||
| 260 |
_aParís : _bLibr española de Garnier hermanos, _c1885. |
||
| 300 |
_a410 páginas ; _bIlustraciones, _c27 cm. |
||
| 505 | _aContenido: Estudio acerca del conde de Buffon -- El león -- El águila real -- El tigre -- Los buitres -- Pernóptero -- El gran buitre ... | ||
| 650 |
_aHistoria natural _92130 |
||
| 650 |
_aEstudio critico _930213 |
||
| 650 |
_aBiográfico _927607 |
||
| 700 |
_aGobin, Enrique _930214 |
||
| 942 |
_2ddc _cLIBROS |
||
| 945 |
_aacv _d08/04/2019 |
||